[Event "Agzamov Memorial 17th"]
[Site "Tashkent"]
[Date "2024.04.03"]
[Round "10"]
[White "Bernadskiy, Vitaliy"]
[Black "Gupta, Abhijeet"]
[Result "1/2-1/2"]
[WhiteElo "2573"]
[BlackElo "2608"]
[PlyCount "39"]
[EventDate "2024.03.27"]
[EventType "swiss"]
[EventRounds "10"]
[EventCountry "UZB"]
[SourceTitle "CB14_2024"]
[SourceDate "2024.04.01"]
[SourceVersion "1"]
[SourceVersionDate "2024.04.01"]
[SourceQuality "1"]

1. e4 e5 2. Nf3 Nc6 3. Bb5 Nf6 4. 0-0 Nxe4 5. d4 Nd6 6. Bxc6 dxc6 7. dxe5 Nf5 8. Qxd8+ Kxd8 9. h3 Be7 10. Rd1+ Ke8 11. g4 Nh4 12. Nxh4 Bxh4 13. Nc3 Be7 14. Kg2 a5 15. a4 Be6 16. Be3 h5 17. f3 Rd8 18. Ne2 Rd5 19. Nf4 hxg4 20. hxg4 1/2-1/2

[Event "Bangalore op 1st"]
[Site "Bangalore"]
[Date "2024.01.21"]
[Round "6"]
[White "Neelash, Saha"]
[Black "Gupta, Abhijeet"]
[Result "0-1"]
[WhiteElo "2446"]
[BlackElo "2605"]
[PlyCount "92"]
[EventDate "2024.01.18"]
[EventType "swiss"]
[EventRounds "10"]
[EventCountry "IND"]
[SourceTitle "CB05_2024"]
[SourceDate "2024.01.31"]
[SourceVersion "1"]
[SourceVersionDate "2024.01.31"]
[SourceQuality "1"]

1. b3 Nf6 2. Bb2 g6 3. Nf3 Bg7 4. g3 d6 5. d4 0-0 6. Bg2 b5 7. 0-0 Bb7 8. Qd3 a6 9. Nbd2 c5 10. d5 c4 11. bxc4 bxc4 12. Nxc4 Bxd5 13. Nfd2 Bxg2 14. Kxg2 Nbd7 15. Nb3 Qc7 16. e4 Rfc8 17. Ne3 Qb7 18. f3 Ng4 19. Nxg4 Bxb2 20. Rab1 Bg7 21. c4 Qc6 22. Rfc1 h5 23. Ne3 Ne5 24. Qe2 e6 25. Rc2 Rab8 26. Rd1 Bh6 27. c5 dxc5 28. Rxc5 Qb6 29. Nc4 Nxc4 30. Rxc4 Qe3 31. Qc2 Rxc4 32. Qxc4 a5 33. Rd2 h4 34. f4 Rb4 35. Qe2 Qb6 36. Rc2 e5 37. f5 gxf5 38. exf5 Qb7+ 39. Kh3 hxg3 40. Qxe5 gxh2 41. Qxh2 Bg5 42. Qg2 Rh4+ 43. Kg3 Qb8+ 44. Kf2 Rh2 45. Rc8+ Qxc8 46. Qxh2 Qc2+ 0-1

[Event "Bangalore op 1st"]
[Site "Bangalore"]
[Date "2024.01.20"]
[Round "4"]
[White "Laxman, Rajaram"]
[Black "Gupta, Abhijeet"]
[Result "0-1"]
[WhiteElo "2338"]
[BlackElo "2605"]
[PlyCount "130"]
[EventDate "2024.01.18"]
[EventType "swiss"]
[EventRounds "10"]
[EventCountry "IND"]
[SourceTitle "CB05_2024"]
[SourceDate "2024.01.31"]
[SourceVersion "1"]
[SourceVersionDate "2024.01.31"]
[SourceQuality "1"]

1. Nf3 Nf6 2. b3 g6 3. Bb2 Bg7 4. g3 d6 5. d4 0-0 6. Bg2 c5 7. c4 d5 8. 0-0 Nc6 9. cxd5 Nxd5 10. Qd2 cxd4 11. Nxd4 Nxd4 12. Bxd4 Nf4 13. Bxg7 Qxd2 14. Nxd2 Nxe2+ 15. Kh1 Kxg7 16. Rfe1 Nd4 17. Rxe7 Rd8 18. Nc4 Kf8 19. Re5 Rb8 20. h3 Be6 21. Ne3 b6 22. Rd1 Rd6 23. Nc2 Rbd8 24. Nxd4 Rxd4 25. Rxd4 Rxd4 26. Re2 a5 27. h4 a4 28. bxa4 Rxa4 29. Rb2 Rxa2 30. Rxb6 Rxf2 31. Kg1 Ra2 32. Rb4 Ke7 33. Rf4 f5 34. Rf2 Ra4 35. Rf4 Ra5 36. Rf2 Kf6 37. Bf3 Bc4 38. Rc2 Ra4 39. Kf2 Ke5 40. Rb2 f4 41. gxf4+ Kxf4 42. Bd1 Ra2 43. Rxa2 Bxa2 44. Bf3 Bb1 45. Be2 Be4 46. Bd1 Bd3 47. Bf3 Bf5 48. Be2 Bg4 49. Bc4 Bd1 50. Be6 Bc2 51. h5 g5 52. h6 Bf5 53. Bd5 Be4 54. Be6 Bf5 55. Bc4 Kg4 56. Be2+ Kh3 57. Kg1 Kg3 58. Bf1 Kf3 59. Bc4 Be4 60. Bf1 Kg4 61. Be2+ Kf5 62. Bh5 g4 63. Kf2 Kg5 64. Be8 Kxh6 65. Ke3 Bg6 0-1

[Event "Hastings Masters op"]
[Site "Hastings"]
[Date "2024.01.03"]
[Round "7"]
[White "Zhang, Pengxiang"]
[Black "Gupta, Abhijeet"]
[Result "1/2-1/2"]
[WhiteElo "2558"]
[BlackElo "2596"]
[PlyCount "107"]
[EventDate "2023.12.28"]
[EventType "swiss"]
[EventRounds "9"]
[EventCountry "ENG"]
[SourceTitle "CB02_2024"]
[SourceDate "2024.01.10"]
[SourceVersion "1"]
[SourceVersionDate "2024.01.10"]
[SourceQuality "1"]

1. e4 e5 2. Nf3 Nc6 3. Bb5 Nf6 4. d3 d6 5. 0-0 a6 6. Bxc6+ bxc6 7. Re1 c5 8. c3 Bg4 9. Nbd2 Be7 10. h3 Bd7 11. Nf1 0-0 12. Ng3 Re8 13. d4 cxd4 14. cxd4 exd4 15. Qxd4 c5 16. Qc3 d5 17. e5 d4 18. Qc2 Nd5 19. Bd2 Qb6 20. Rac1 Rac8 21. b3 h6 22. Ne4 Bf8 23. Qc4 Be6 24. Qc2 Red8 25. Nh2 Nb4 26. Bxb4 Qxb4 27. Ng4 d3 28. Qd2 c4 29. bxc4 Rxc4 30. Rxc4 Qxc4 31. Qe3 Kh8 32. Rd1 Qxa2 33. Qb6 Qd5 34. Nd6 Be7 35. Qxa6 d2 36. Qe2 Bg5 37. h4 Bf4 38. g3 Bxg4 39. Qxg4 Bxe5 40. Rxd2 Qxd2 41. Nxf7+ Kh7 42. Nxd8 Bxg3 43. Qf5+ Kg8 44. Qf7+ Kh7 45. Qf5+ Kg8 46. Qe6+ Kh7 47. Qe4+ Kg8 48. Qe8+ Kh7 49. fxg3 Qd1+ 50. Kg2 Qc2+ 51. Kf3 Qd1+ 52. Kf4 Qf1+ 53. Kg4 Qd1+ 54. Kh3 1/2-1/2

[Event "Hastings Masters op"]
[Site "Hastings"]
[Date "2023.12.31"]
[Round "4"]
[White "Gupta, Abhijeet"]
[Black "Cherniaev, Alexander"]
[Result "1/2-1/2"]
[WhiteElo "2596"]
[BlackElo "2381"]
[PlyCount "194"]
[EventDate "2023.12.28"]
[EventType "swiss"]
[EventRounds "9"]
[EventCountry "ENG"]
[SourceTitle "CB02_2024"]
[SourceDate "2024.01.10"]
[SourceVersion "1"]
[SourceVersionDate "2024.01.10"]
[SourceQuality "1"]

1. d4 d5 2. c4 e6 3. Nf3 Nf6 4. g3 Bb4+ 5. Nbd2 0-0 6. Bg2 b6 7. 0-0 Bb7 8. b3 a5 9. Bb2 a4 10. a3 Bxd2 11. Nxd2 axb3 12. Rc1 Nc6 13. Qxb3 Na5 14. Qc2 c6 15. Rfe1 Ba6 16. cxd5 cxd5 17. Bc3 Re8 18. e4 Nc4 19. e5 Nd7 20. Nxc4 Bxc4 21. Bb4 Qg5 22. h4 Qg6 23. Qd1 b5 24. Rc3 f6 25. h5 Qf7 26. f4 Kh8 27. Rce3 f5 28. g4 fxg4 29. Qxg4 g6 30. hxg6 Qxg6 31. Qxg6 hxg6 32. Kf2 Kg7 33. Rg3 Kf7 34. Rg1 Rh8 35. Ke3 Rag8 36. Bh3 Bb3 37. Bg4 Bc2 38. Be2 Nb6 39. Rc1 Rc8 40. Bc5 Bf5 41. Bxb5 Rh2 42. a4 Ra2 43. Rgg1 Rh8 44. Rh1 Rxh1 45. Rxh1 Nc4+ 46. Bxc4 dxc4 47. Rh7+ Kg8 48. Rc7 c3 49. Bb4 c2 50. a5 Ra1 51. Bd2 Ra3+ 52. Ke2 Bd3+ 53. Kf2 Be4 54. d5 Bxd5 55. Rxc2 Kf7 56. Rc7+ Ke8 57. Ke2 Kd8 58. Rg7 Be4 59. Bb4 Ra4 60. Bc5 Kc8 61. Bb6 Ra3 62. Kd2 Kb8 63. Rd7 Bf5 64. Re7 Kc8 65. Ke2 Kb8 66. Rc7 Be4 67. Kd2 Bf5 68. Re7 Kc8 69. Ke2 Kb8 70. Kf2 Kc8 71. Bc7 Bg4 72. Bd6 Rxa5 73. Kg3 Bf5 74. Kh4 Rb5 75. Rc7+ Kd8 76. Kg5 Rb1 77. Kf6 Rf1 78. Rc4 Kd7 79. Bb4 Rf3 80. Ba5 Ra3 81. Rc5 Ra4 82. Kf7 Ra2 83. Bb6 Ra6 84. Rc7+ Kd8 85. Rc6+ Kd7 86. Rd6+ Kc8 87. Ke7 Kb7 88. Bd4 Rc6 89. Bf2 Rc7+ 90. Kf6 Rc6 91. Be1 Rc4 92. Bd2 Rc6 93. Rd4 Kb6 94. Ke7 Rc7+ 95. Kd8 Rh7 96. Bb4 Kc6 97. Rd6+ Kb5 1/2-1/2

[Event "Hastings Masters op"]
[Site "Hastings"]
[Date "2023.12.30"]
[Round "3"]
[White "Wadsworth, Matthew J"]
[Black "Gupta, Abhijeet"]
[Result "1/2-1/2"]
[WhiteElo "2448"]
[BlackElo "2596"]
[PlyCount "117"]
[EventDate "2023.12.28"]
[EventType "swiss"]
[EventRounds "9"]
[EventCountry "ENG"]
[SourceTitle "CB02_2024"]
[SourceDate "2024.01.10"]
[SourceVersion "1"]
[SourceVersionDate "2024.01.10"]
[SourceQuality "1"]

1. d4 Nf6 2. c4 g6 3. Nc3 Bg7 4. e4 d6 5. Nf3 0-0 6. Be2 e5 7. Be3 exd4 8. Nxd4 Re8 9. f3 c6 10. Bf2 d5 11. exd5 cxd5 12. 0-0 Nc6 13. c5 Bd7 14. Bb5 Nh5 15. Bxc6 bxc6 16. Qd2 Qc7 17. Nce2 Be5 18. g3 Re7 19. b4 a5 20. a3 Ree8 21. Rac1 axb4 22. axb4 Ng7 23. Rfe1 h5 24. b5 h4 25. b6 Qb8 26. Ra1 Rxa1 27. Rxa1 Ne6 28. Nxe6 Bxa1 29. Nc7 Re7 30. gxh4 Be5 31. Bg3 Bxc7 32. Bxc7 Qe8 33. Kf2 Bc8 34. Bd6 Rxe2+ 35. Qxe2 Qxe2+ 36. Kxe2 Kg7 37. Ke3 Kf6 38. Kf4 Ke6 39. Kg5 d4 40. f4 Kd5 41. f5 gxf5 42. Kf4 d3 43. Ke3 Ba6 44. h5 Ke6 45. Bf4 f6 46. Kd2 Kf7 47. Be3 Kg7 48. Ke1 Kh7 49. Bd4 Kh6 50. Bxf6 Kxh5 51. Bc3 Kg4 52. Kf2 Kh3 53. Kg1 Bc8 54. Bd2 Ba6 55. Be3 Bc8 56. Bc1 Ba6 57. Bd2 Bc8 58. Be3 Ba6 59. Bd2 1/2-1/2

[Event "FIDE Grand Swiss"]
[Site "Douglas"]
[Date "2023.11.02"]
[Round "8"]
[White "Gupta, Abhijeet"]
[Black "Martirosyan, Haik M"]
[Result "1/2-1/2"]
[WhiteElo "2609"]
[BlackElo "2696"]
[PlyCount "229"]
[EventDate "2023.10.25"]
[EventType "swiss"]
[EventRounds "11"]
[EventCountry "IOM"]
[SourceTitle "Mega2024 Update 01"]
[Source "Chessbase"]
[SourceDate "2023.11.12"]
[SourceVersion "1"]
[SourceVersionDate "2023.11.12"]
[SourceQuality "1"]

1. d4 Nf6 2. c4 e6 3. Nf3 d5 4. Nc3 Nbd7 5. cxd5 exd5 6. Qc2 Bb4 7. Bf4 Ne4 8. g3 c6 9. Bg2 Qa5 10. Bd2 Nxd2 11. Nxd2 0-0 12. 0-0 Qd8 13. a3 Be7 14. b4 a6 15. Nb3 Nf6 16. Nc5 g6 17. Qb3 Rb8 18. Rad1 Bf5 19. Rfe1 Re8 20. e4 dxe4 21. N3xe4 Bxc5 22. dxc5 Qe7 23. Nxf6+ Qxf6 24. Qf3 Kg7 25. h4 h5 26. Qf4 Rbd8 27. Bf1 Re4 28. Qc1 Rxe1 29. Rxe1 Be6 30. Qe3 Rd4 31. Bg2 Rd7 32. Qc1 Bg4 33. Qe3 Bf5 34. Bf1 Be6 35. Qc1 Qd4 36. Bg2 Bf5 37. Bf3 Qf6 38. Rd1 Re7 39. Rd6 Qe5 40. Kg2 Be6 41. Qd2 Re8 42. a4 a5 43. bxa5 Bc4 44. Qb4 Ba6 45. Rd1 Qf5 46. Qc3+ Qf6 47. Qc2 Re5 48. Rc1 Kh7 49. Qc3 Qf5 50. Qd4 Re7 51. Qd2 Rd7 52. Qe1 Rd4 53. Qe7 Kg7 54. Re1 Rxa4 55. Qd6 Ra3 56. Be4 Qf6 57. Qd2 Qc3 58. Qg5 Ra4 59. Rc1 Qf6 60. Qxf6+ Kxf6 61. Kf3 Rxa5 62. Rc3 Ke6 63. Ke3 Ra4 64. Bc2 Rb4 65. Bb3+ Ke7 66. Kd2 Rd4+ 67. Kc2 Kf8 68. Rf3 Rd7 69. Kc3 Kg7 70. Re3 Bf1 71. f3 Kf6 72. g4 Bh3 73. Re4 hxg4 74. fxg4 g5 75. h5 Kg7 76. Bc4 Kh6 77. Be2 Bg2 78. Re8 Bd5 79. Re5 Be6 80. Bf3 Rd8 81. Be2 Ra8 82. Re4 Ra2 83. Kd4 Kg7 84. Kc3 Bd5 85. Re5 Be6 86. Re4 Kf6 87. Bd3 Ra3+ 88. Kd2 Kg7 89. Re5 Kh6 90. Bf5 Bd5 91. Re8 Kg7 92. Rd8 Rh3 93. Rd6 Bf3 94. Rd7 Kf6 95. Rxb7 Bd5 96. Rb6 Ke5 97. Rb4 Bf3 98. Rb3 Kf4 99. Rb4+ Kg3 100. Rd4 Kf2 101. Rd7 Kg3 102. Rd4 Kf2 103. Rd6 Kg3 104. Rd3 Kf4 105. Kc3 Rh4 106. Rd4+ Ke5 107. Ra4 Kd5 108. Ra7 f6 109. Rf7 Bxg4 110. Bxg4 Rxg4 111. Rxf6 Kxc5 112. Rf5+ Kd6 113. h6 Ke6 114. Rc5 Rh4 115. Rxg5 1/2-1/2

[Event "FIDE Grand Swiss"]
[Site "Douglas"]
[Date "2023.10.30"]
[Round "6"]
[White "Gupta, Abhijeet"]
[Black "Shevchenko, Kirill"]
[Result "1-0"]
[WhiteElo "2609"]
[BlackElo "2671"]
[PlyCount "93"]
[EventDate "2023.10.25"]
[EventType "swiss"]
[EventRounds "11"]
[EventCountry "IOM"]
[SourceTitle "Mega2024 Update 01"]
[Source "Chessbase"]
[SourceDate "2023.11.12"]
[SourceVersion "1"]
[SourceVersionDate "2023.11.12"]
[SourceQuality "1"]

1. d4 Nf6 2. c4 g6 3. Nc3 Bg7 4. e4 d6 5. Be2 0-0 6. Be3 Na6 7. h3 c6 8. Nf3 e5 9. d5 Nh5 10. 0-0 Nf4 11. Re1 Nxe2+ 12. Qxe2 f5 13. Bg5 Qd7 14. dxc6 bxc6 15. Rad1 f4 16. Qd2 h6 17. Bxh6 Bxh6 18. Qxd6 Qxd6 19. Rxd6 Bg7 20. Rxc6 Rf6 21. Rxf6 Bxf6 22. Rd1 Nc7 23. b4 Rb8 24. b5 Be6 25. c5 Be7 26. c6 Bb4 27. Nd5 Bxd5 28. exd5 e4 29. d6 Bxd6 30. Rxd6 exf3 31. Rd7 Nxb5 32. a4 Nd6 33. Rxd6 Rb1+ 34. Kh2 Kf7 35. gxf3 Rc1 36. h4 Rc3 37. Kg2 a6 38. Rd4 Rxc6 39. Rxf4+ Kg7 40. Kg3 Rc2 41. Rg4 Kh6 42. Rg5 Rc1 43. Ra5 Rc6 44. f4 Rb6 45. Kg4 Rc6 46. f5 gxf5+ 47. Rxf5 1-0

[Event "FIDE Grand Swiss"]
[Site "Douglas"]
[Date "2023.10.27"]
[Round "3"]
[White "Greenfeld, Alon"]
[Black "Gupta, Abhijeet"]
[Result "1/2-1/2"]
[WhiteElo "2455"]
[BlackElo "2609"]
[PlyCount "93"]
[EventDate "2023.10.25"]
[EventType "swiss"]
[EventRounds "11"]
[EventCountry "IOM"]
[SourceTitle "Mega2024 Update 01"]
[Source "Chessbase"]
[SourceDate "2023.11.12"]
[SourceVersion "1"]
[SourceVersionDate "2023.11.12"]
[SourceQuality "1"]

1. Nf3 Nf6 2. c4 g6 3. Nc3 Bg7 4. g3 0-0 5. Bg2 d6 6. d4 Nbd7 7. 0-0 e5 8. e4 exd4 9. Nxd4 Re8 10. h3 Nc5 11. Re1 h6 12. Nb3 Ne6 13. Qc2 Ng5 14. Kh2 Qd7 15. Bxg5 hxg5 16. Rad1 g4 17. h4 Qe7 18. c5 dxc5 19. e5 Bf5 20. exf6 Qxe1 21. Qc1 Qxf2 22. Rd2 Qe1 23. Qxe1 Rxe1 24. fxg7 Kxg7 25. Bxb7 Rh8 26. Kg2 c4 27. Kf2 Re5 28. Nc1 g5 29. hxg5 Re6 30. N1e2 Rb8 31. Nd4 Rxb7 32. Nxf5+ Kg6 33. Ne3 Kxg5 34. Rd5+ f5 35. Rxf5+ Kg6 36. Ncd1 c3 37. bxc3 Ra6 38. Rf4 Rxa2+ 39. Ke1 a5 40. Rxg4+ Kf6 41. Rf4+ Ke5 42. Nc4+ Ke6 43. Ncb2 Raxb2 44. Nxb2 Rxb2 45. Ra4 Kd5 46. Rxa5+ Kc4 47. Rf5 1/2-1/2

[Event "Bundesliga 2324"]
[Site "Germany"]
[Date "2023.10.22"]
[Round "2.4"]
[White "Ragger, Markus"]
[Black "Gupta, Abhijeet"]
[Result "1/2-1/2"]
[WhiteElo "2615"]
[BlackElo "2609"]
[PlyCount "76"]
[EventDate "2023.10.21"]
[EventType "team-tourn"]
[EventRounds "15"]
[EventCountry "GER"]
[SourceTitle "Mega2024 Update 01"]
[Source "Chessbase"]
[SourceDate "2023.11.12"]
[SourceVersion "1"]
[SourceVersionDate "2023.11.12"]
[SourceQuality "1"]
[WhiteTeam "Solingen"]
[BlackTeam "Deizisau"]
[WhiteTeamCountry "GER"]
[BlackTeamCountry "GER"]

1. e4 c5 2. Nf3 d6 3. Bb5+ Bd7 4. Bxd7+ Nxd7 5. 0-0 Ngf6 6. Qe2 e6 7. c3 Be7 8. d4 0-0 9. e5 Ne8 10. Nbd2 cxd4 11. cxd4 dxe5 12. dxe5 Nc5 13. Ne4 Nxe4 14. Qxe4 Nc7 15. Qxb7 Nd5 16. Bd2 a5 17. b3 h6 18. Qb5 Bb4 19. Rfd1 Qe7 20. Qc4 Rfc8 21. Qg4 Bxd2 22. Rxd2 a4 23. bxa4 Qa3 24. h4 Rxa4 25. Rd4 Rca8 26. Qe4 Nc3 27. Rxa4 Rxa4 28. Qc6 Qb2 29. Rf1 Kh7 30. Qd7 Ne2+ 31. Kh2 Rg4 32. Kh3 Qc2 33. Qxf7 Qe4 34. Ng5+ Rxg5 35. hxg5 Nf4+ 36. Kg3 Ne2+ 37. Kh3 Nf4+ 38. Kg3 Ne2+ 1/2-1/2

[Event "Qatar Masters op"]
[Site "Doha"]
[Date "2023.10.20"]
[Round "9"]
[White "Gupta, Abhijeet"]
[Black "Gukesh, Dommaraju"]
[Result "0-1"]
[WhiteElo "2609"]
[BlackElo "2758"]
[PlyCount "68"]
[EventDate "2023.10.11"]
[EventType "swiss"]
[EventRounds "9"]
[EventCountry "QAT"]
[SourceTitle "Mega2024 Update 01"]
[Source "Chessbase"]
[SourceDate "2023.11.12"]
[SourceVersion "1"]
[SourceVersionDate "2023.11.12"]
[SourceQuality "1"]

1. d4 Nf6 2. c4 e6 3. Nf3 d5 4. Nc3 Bb4 5. Bg5 dxc4 6. e4 c5 7. Bxc4 cxd4 8. Nxd4 Bd7 9. 0-0 Nc6 10. Rc1 Ne5 11. Bb5 a6 12. Bxd7+ Qxd7 13. Bxf6 gxf6 14. Nce2 Ng6 15. f4 Rg8 16. f5 exf5 17. Qb3 Bd6 18. Nxf5 Be5 19. Rfd1 Qb5 20. Qc2 Ne7 21. Ned4 Qb6 22. Kh1 Bxd4 23. Qa4+ Nc6 24. Rxd4 Qxb2 25. Rg1 b5 26. Nd6+ Kf8 27. Nxb5 Qxb5 28. Qa3+ Kg7 29. Rd5 Qb4 30. Qg3+ Kh8 31. Qh4 Qe7 32. Rh5 Rg7 33. Rf1 Rb8 34. h3 Rb2 0-1

[Event "Qatar Masters op"]
[Site "Doha"]
[Date "2023.10.15"]
[Round "5"]
[White "Gupta, Abhijeet"]
[Black "Viani, Antonio Dcunha"]
[Result "1-0"]
[WhiteElo "2609"]
[BlackElo "2410"]
[PlyCount "79"]
[EventDate "2023.10.11"]
[EventType "swiss"]
[EventRounds "9"]
[EventCountry "QAT"]
[SourceTitle "Mega2024 Update 01"]
[Source "Chessbase"]
[SourceDate "2023.11.12"]
[SourceVersion "1"]
[SourceVersionDate "2023.11.12"]
[SourceQuality "1"]

1. d4 Nf6 2. c4 e6 3. Nf3 d5 4. g3 dxc4 5. Bg2 c5 6. 0-0 Nc6 7. dxc5 Qxd1 8. Rxd1 Bxc5 9. Nbd2 c3 10. bxc3 0-0 11. Nb3 Be7 12. c4 Bd7 13. Bb2 Rfd8 14. Nfd4 Rac8 15. Nb5 b6 16. Nd6 Rb8 17. Rd2 a5 18. Rad1 a4 19. Nd4 Na5 20. Ba3 Bxd6 21. Bxd6 Rbc8 22. Be7 Re8 23. Bxf6 gxf6 24. Nf5 exf5 25. Rxd7 Rxe2 26. Bd5 Rf8 27. c5 b5 28. c6 Rc2 29. c7 Kg7 30. Re1 b4 31. Ree7 f4 32. Bxf7 Kh6 33. Be6 fxg3 34. hxg3 f5 35. Rd6 Rf6 36. Rd5 b3 37. axb3 axb3 38. Rxa5 b2 39. Rb5 Rf8 40. c8Q 1-0

[Event "Qatar Masters op"]
[Site "Doha"]
[Date "2023.10.13"]
[Round "3"]
[White "Gupta, Abhijeet"]
[Black "Zou, Chen"]
[Result "1/2-1/2"]
[WhiteElo "2609"]
[BlackElo "2418"]
[PlyCount "73"]
[EventDate "2023.10.11"]
[EventType "swiss"]
[EventRounds "9"]
[EventCountry "QAT"]
[SourceTitle "Mega2024 Update 01"]
[Source "Chessbase"]
[SourceDate "2023.11.12"]
[SourceVersion "1"]
[SourceVersionDate "2023.11.12"]
[SourceQuality "1"]

1. d4 Nf6 2. c4 e6 3. Nc3 Bb4 4. e3 0-0 5. a3 Bxc3+ 6. bxc3 b6 7. Bd3 Ba6 8. Ne2 Nc6 9. e4 Ne8 10. 0-0 Na5 11. f4 f5 12. Ng3 g6 13. c5 Bxd3 14. Qxd3 Nb3 15. Rb1 Nxc1 16. Rbxc1 Qe7 17. Kh1 fxe4 18. Nxe4 Nf6 19. Rce1 Nxe4 20. Rxe4 c6 21. g4 Rf7 22. Qe3 Raf8 23. Kg2 Qf6 24. Re5 h6 25. Rf2 Qh4 26. h3 g5 27. f5 exf5 28. gxf5 g4 29. Qg3 Qxh3+ 30. Qxh3 gxh3+ 31. Kxh3 Kg7 32. c4 bxc5 33. Rxc5 Rb8 34. Rf3 Kf6 35. Ra5 Rg7 36. Rxa7 Rbg8 37. Rb7 1/2-1/2

[Event "IND-ch 60th"]
[Site "Pune"]
[Date "2023.08.26"]
[Round "11"]
[White "Gupta, Abhijeet"]
[Black "Aronyak, Ghosh"]
[Result "1/2-1/2"]
[WhiteElo "2625"]
[BlackElo "2538"]
[PlyCount "87"]
[EventDate "2023.08.16"]
[EventType "swiss"]
[EventRounds "11"]
[EventCountry "IND"]
[SourceTitle "EXT 2024"]
[Source "ChessBase"]
[SourceDate "2023.10.10"]
[SourceVersion "1"]
[SourceVersionDate "2023.10.10"]
[SourceQuality "1"]

1. d4 Nf6 2. c4 e6 3. Nf3 b6 4. a3 Bb7 5. Nc3 Ne4 6. Nxe4 Bxe4 7. Bf4 Be7 8. e3 d6 9. Bd3 Bxd3 10. Qxd3 Nd7 11. e4 Bf6 12. Rd1 e5 13. dxe5 Bxe5 14. Bc1 Bf6 15. 0-0 0-0 16. Qc2 Re8 17. Rfe1 Qc8 18. h3 Qb7 19. b4 Re6 20. Re2 Rae8 21. Rde1 a6 22. Nh2 b5 23. cxb5 axb5 24. Nf1 Nb6 25. Ng3 g6 26. Kh1 Qa8 27. Nf1 Nc4 28. Nh2 h5 29. Nf3 Nxa3 30. Qd3 Nc4 31. Nd4 Bxd4 32. Qxd4 c5 33. Qd3 d5 34. bxc5 dxe4 35. Qc3 Qa5 36. Qxa5 Nxa5 37. Rb2 e3 38. fxe3 Rb8 39. Rd1 Nc4 40. Rb3 Re5 41. c6 Rc5 42. e4 Rxc6 43. Bf4 Re8 44. Rxb5 1/2-1/2

[Event "IND-ch 60th"]
[Site "Pune"]
[Date "2023.08.23"]
[Round "8"]
[White "Imocha, Laisram"]
[Black "Gupta, Abhijeet"]
[Result "0-1"]
[WhiteElo "2004"]
[BlackElo "2625"]
[PlyCount "62"]
[EventDate "2023.08.16"]
[EventType "swiss"]
[EventRounds "11"]
[EventCountry "IND"]
[SourceTitle "EXT 2024"]
[Source "ChessBase"]
[SourceDate "2023.10.10"]
[SourceVersion "1"]
[SourceVersionDate "2023.10.10"]
[SourceQuality "1"]

1. d4 Nf6 2. c4 g6 3. Nf3 Bg7 4. g3 d5 5. Bg2 dxc4 6. 0-0 c6 7. a4 0-0 8. Na3 Be6 9. Ng5 Bf5 10. e4 Bg4 11. f3 Bc8 12. e5 Nd5 13. Nxc4 Nb4 14. f4 N8a6 15. Ra3 f6 16. Ne4 Kh8 17. Kh1 Be6 18. Ne3 Nd5 19. Nxd5 Bxd5 20. g4 fxe5 21. fxe5 Rxf1+ 22. Qxf1 Bxe4 23. Bxe4 Qxd4 24. Bg2 Rf8 25. Qe1 Nb4 26. Be4 Qxe5 27. Re3 Nd5 28. Re2 Nf4 29. Re3 Qd4 30. Rb3 Qc4 31. Rf3 Ne2 0-1

[Event "IND-ch 60th"]
[Site "Pune"]
[Date "2023.08.21"]
[Round "6"]
[White "Sahoo, Utkal Ranjan"]
[Black "Gupta, Abhijeet"]
[Result "0-1"]
[WhiteElo "2367"]
[BlackElo "2625"]
[PlyCount "150"]
[EventDate "2023.08.16"]
[EventType "swiss"]
[EventRounds "11"]
[EventCountry "IND"]
[SourceTitle "EXT 2024"]
[Source "ChessBase"]
[SourceDate "2023.10.10"]
[SourceVersion "1"]
[SourceVersionDate "2023.10.10"]
[SourceQuality "1"]

1. d4 Nf6 2. Nf3 g6 3. Bg5 Bg7 4. Nbd2 h6 5. Bh4 d6 6. e4 Nh5 7. c3 0-0 8. Bc4 c5 9. dxc5 dxc5 10. 0-0 Nc6 11. a4 Qc7 12. Qe2 b6 13. Rfe1 Bb7 14. Qe3 g5 15. Bg3 Nxg3 16. hxg3 Rad8 17. Rad1 e6 18. Bd3 Rd7 19. Nc4 Rfd8 20. Be2 Rxd1 21. Rxd1 Rxd1+ 22. Bxd1 Ne7 23. Bc2 Ng6 24. Qd2 Ba6 25. Ne3 Kf8 26. Bd3 Bb7 27. Kf1 Bc6 28. Bc2 Ke7 29. Ke1 Qd7 30. Qxd7+ Kxd7 31. Kd2 Ke7 32. g4 Nf8 33. Nc4 Nd7 34. Ke3 a6 35. Ncd2 b5 36. axb5 axb5 37. Bd1 Kd6 38. Be2 Kc7 39. c4 b4 40. b3 Bb2 41. Bd3 Nf6 42. Nh2 Kd6 43. g3 Bc1 44. f3 h5 45. gxh5 Nxh5 46. Nhf1 Ke5 47. Bc2 Bd7 48. Bd1 f5 49. Kd3 f4 50. g4 Ng3 51. Bc2 Bc6 52. Bb1 Bb2 53. Bc2 Bd4 54. Bd1 Nh1 55. Bc2 Bg1 56. Nb1 Nf2+ 57. Ke2 Kd4 58. Kd2 Nh3 59. Bd1 Be3+ 60. Kc2 Nf2 61. Nbd2 Bxd2 62. Kxd2 Nxd1 63. Kxd1 Kd3 64. Ke1 e5 65. Kd1 Bd7 66. Ke1 Be6 67. Kd1 Bf7 68. Ke1 Bxc4 69. bxc4 Kxc4 70. Kd2 b3 71. Kc1 Kd3 72. Nd2 b2+ 73. Kd1 c4 74. Nb1 c3 75. Na3 c2+ 0-1

[Event "IND-ch 60th"]
[Site "Pune"]
[Date "2023.08.20"]
[Round "5"]
[White "Gupta, Abhijeet"]
[Black "Ram, S Krishnan"]
[Result "1-0"]
[WhiteElo "2625"]
[BlackElo "1941"]
[PlyCount "95"]
[EventDate "2023.08.16"]
[EventType "swiss"]
[EventRounds "11"]
[EventCountry "IND"]
[SourceTitle "EXT 2024"]
[Source "ChessBase"]
[SourceDate "2023.10.10"]
[SourceVersion "1"]
[SourceVersionDate "2023.10.10"]
[SourceQuality "1"]

1. d4 e6 2. c4 f5 3. Nf3 Nf6 4. a3 d5 5. Nc3 c6 6. Bf4 Be7 7. e3 0-0 8. h3 Ne4 9. Qc2 Nd7 10. Be2 Ndf6 11. 0-0 Bd7 12. Ne5 Be8 13. Bh2 Bh5 14. Bd3 Nd7 15. f3 Nxc3 16. bxc3 Nxe5 17. Bxe5 Bd6 18. f4 Bxe5 19. fxe5 Qg5 20. Rf4 Qg3 21. Qf2 Qxf2+ 22. Rxf2 Rac8 23. a4 dxc4 24. Bxc4 Bf7 25. g4 fxg4 26. hxg4 Rfe8 27. Bd3 Bg6 28. Bxg6 hxg6 29. Rb1 b6 30. a5 b5 31. a6 Rf8 32. e4 Rxf2 33. Kxf2 Rb8 34. Ke3 g5 35. c4 b4 36. Kd3 Rb6 37. c5 Rxa6 38. Rxb4 Ra3+ 39. Kc4 Re3 40. Rb8+ Kf7 41. Rc8 Rxe4 42. Rc7+ Kf8 43. Rxc6 Ke7 44. Rc7+ Kd8 45. Rxa7 Rxg4 46. c6 Rg1 47. Kc5 Rd1 48. Rxg7 1-0

[Event "IND-ch 60th"]
[Site "Pune"]
[Date "2023.08.17"]
[Round "2"]
[White "Ajay, Kumar Rai"]
[Black "Gupta, Abhijeet"]
[Result "0-1"]
[WhiteElo "1890"]
[BlackElo "2625"]
[PlyCount "128"]
[EventDate "2023.08.16"]
[EventType "swiss"]
[EventRounds "11"]
[EventCountry "IND"]
[SourceTitle "EXT 2024"]
[Source "ChessBase"]
[SourceDate "2023.10.10"]
[SourceVersion "1"]
[SourceVersionDate "2023.10.10"]
[SourceQuality "1"]

1. d4 Nf6 2. c4 Nc6 3. Nf3 e6 4. e3 Bb4+ 5. Bd2 a5 6. Nc3 0-0 7. Bd3 d6 8. 0-0 e5 9. d5 Nb8 10. a3 Bxc3 11. Bxc3 Bg4 12. Be2 a4 13. Nd2 Bxe2 14. Qxe2 Nbd7 15. b4 axb3 16. Nxb3 Ra4 17. Rfc1 Ne4 18. Bb4 b6 19. Qc2 Qh4 20. f3 Nef6 21. Nd4 Rfa8 22. Nb5 Ne8 23. Nc3 R4a6 24. Qe2 f5 25. Nb5 f4 26. exf4 Qxf4 27. Qc2 Qf7 28. a4 Nc5 29. Bxc5 bxc5 30. Ra3 g6 31. Rca1 Ra5 32. Nc3 Ng7 33. Rb3 Nf5 34. Rb7 Nd4 35. Qe4 Qd7 36. Rab1 Rf8 37. Rb8 Ra8 38. Rxa8 Rxa8 39. Qg4 Nf5 40. h4 Kg7 41. h5 Qc8 42. hxg6 hxg6 43. Qg5 Qd7 44. Rb7 Nd4 45. Ne4 Rf8 46. Nxc5 Qc8 47. Ra7 Rf7 48. a5 e4 49. Qe3 dxc5 50. Qxe4 Qd8 51. Qe5+ Kg8 52. a6 Nf5 53. Qe6 Kg7 54. Qe5+ Kh7 55. Rb7 Nd6 56. Rb1 Nxc4 57. Qh2+ Kg8 58. a7 Nb6 59. d6 cxd6 60. Rxb6 Rxa7 61. Rxd6 Ra1+ 62. Kf2 Qe8 63. Kg3 Qe5+ 64. Kh3 Rh1 0-1